Mythical Man / (Record no. 154912)
[ view plain ]
| 000 -LEADER | |
|---|---|
| fixed length control field | 00510nam a22001937a 4500 |
| 005 - DATE AND TIME OF LATEST TRANSACTION | |
| control field | 20180726151757.0 |
| 010 ## - LCCN (DPL NO) | |
| LC control number | B-159588 |
| 020 ## - INTERNATIONAL STANDARD BOOK NUMBER | |
| Terms of availability | 00.00 |
| 035 ## - SYSTEM CONTROL NUMBER | |
| System control number | B-159588 |
| 037 ## - SOURCE OF ACQUISITION | |
| Source of stock number/acquisition | BPPD/PUB |
| 082 ## - DEWEY DECIMAL CLASSIFICATION NUMBER | |
| Classification number | MUS |
| 100 ## - MAIN ENTRY--PERSONAL NAME | |
| Personal name | Sirsaj,syed mustafa. |
| 245 ## - TITLE STATEMENT | |
| Title | Mythical Man / |
| Statement of responsibility, etc | by Syed mustafa siraj ; |
| 260 ## - PUBLICATION, DISTRIBUTION, ETC. (IMPRINT) | |
| Place of publication, distribution, etc | New Delhi |
| Name of publisher, distributor, etc | Sahitya Akademi |
| Date of publication, distribution, etc | 2005 |
| 270 ## - ADDRESS | |
| Address | Ravindra Bhavan,35 Ferozeshah Road, |
| City | Delhi |
| 300 ## - PHYSICAL DESCRIPTION | |
| Extent | 296p. |
| Dimensions | 21cm( HB) |
| 700 ## - ADDED ENTRY--PERSONAL NAME | |
| Personal name | Sudeshna chakaravarty |
| 942 ## - ADDED ENTRY ELEMENTS (KOHA) | |
| Source of classification or shelving scheme | Dewey Decimal Classification |
| Item type | English Books |
| Classification part | N |
| Call number suffix | MUS |
| Withdrawn status | Lost status | Not for loan | Collection code | Home library | Current library | Date acquired | Source of acquisition | Cost, normal purchase price | Full call number | Barcode | Cost, replacement price | Koha item type |
|---|---|---|---|---|---|---|---|---|---|---|---|---|
| Fiction | Shahdara Branch | Shahdara Branch | 26/07/2018 | BPPD/PUB | 100.00 | N MUS | B-159588 | 100.00 | English Books | |||
| Fiction | Yojana Vihar | Yojana Vihar | 24/09/2019 | BPPD/PUB | 100.00 | N MUS | B-159589 | 100.00 | English Books |
